000 00443nam a2200181Ia 4500
003 GCL
008 140319s9999 xx 000 0 eng d
040 _aGCL /
_cGCL
082 0 4 _a843
_bM T
100 1 _aMORAND, POUL
245 1 0 _aTENDRES STOCKS /
_cMORAND, POUL
260 _a[S.N] :
_bGALLIMARD ،
_c1981
300 _a146 P
490 _aCOLLECTION FOLIO
_v0
650 0 4 _aLITERATURE
650 0 4 _aFRENCH LITERATURE
942 _2ddc
_cBK
999 _c23117
_d23117